| Tag |
First Indicator |
Second Indicator |
Subfields |
| LEADER |
00000cam a2200000Ia 4500 |
| 001 |
in00002002206 |
| 005 |
20220105141737.0 |
| 006 |
m d |
| 007 |
cr cnu---unuuu |
| 008 |
040505s2002 mnua bs 000 0 eng d |
| 020 |
|
|
|a 1575052296 (electronic bk.)
|
| 035 |
|
|
|a (OCoLC)ocm55080170
|
| 040 |
|
|
|a N$T
|c N$T
|d OCLCQ
|d UtOrBLW
|
| 049 |
|
|
|a IKMN
|
| 050 |
1 |
4 |
|a QL737.P64
|b H484 2001eb
|
| 082 |
0 |
4 |
|a 599.79/23
|2 22
|
| 100 |
1 |
|
|a Hewett, Joan.
|0 http://id.loc.gov/authorities/names/n80090195
|
| 245 |
1 |
2 |
|a A harbor seal pup grows up /
|c by Joan Hewett ; photographs by Richard Hewett.
|
| 264 |
|
1 |
|a Minneapolis, MN :
|b Carolrhoda Books,
|c [2002]
|
| 264 |
|
4 |
|c ©2002
|
| 300 |
|
|
|a 32 pages :
|b color illustrations ;
|c 20 x 22 cm.
|
| 336 |
|
|
|a text
|b txt
|2 rdacontent
|
| 337 |
|
|
|a computer
|b c
|2 rdamedia
|
| 338 |
|
|
|a online resource
|b cr
|2 rdacarrier
|
| 490 |
1 |
|
|a Baby animals
|
| 533 |
|
|
|a Electronic reproduction.
|b Boulder, Colo. :
|c NetLibrary,
|d 2004.
|n Available via World Wide Web.
|n Access may be limited to NetLibrary affiliated libraries.
|n Series not found on the ebook.
|
| 500 |
|
|
|a Electronic resource.
|
| 650 |
|
0 |
|a Harbor seal
|x Infancy
|v Juvenile literature.
|
| 650 |
|
1 |
|a Harbor seal.
|
| 650 |
|
1 |
|a Seals (Animals)
|
| 650 |
|
1 |
|a Animals
|x Infancy.
|
| 650 |
|
1 |
|a Wildlife rescue.
|
| 655 |
|
7 |
|a Electronic books.
|2 local
|
| 700 |
1 |
|
|a Hewett, Richard,
|e illustrator.
|0 http://id.loc.gov/authorities/names/n80090191
|
| 710 |
2 |
|
|a NetLibrary, Inc.
|0 http://id.loc.gov/authorities/names/no99080690
|
| 776 |
1 |
|
|c Original
|z 1575051664
|z 0822500922
|w (DLC) 00011446
|w (OCoLC)45093996
|
| 800 |
1 |
|
|a Hewett, Joan.
|t Baby animals.
|0 http://id.loc.gov/authorities/names/n2001002128
|
| 856 |
4 |
1 |
|u https://proxy.library.tamu.edu/login?url=http://www.netLibrary.com/urlapi.asp?action=summary&v=1&bookid=107542
|z Connect to the full text of this electronic book
|t 0
|
| 994 |
|
|
|a 92
|b IKM
|
| 999 |
|
|
|a MARS
|
| 999 |
f |
f |
|s 12776a79-d156-3b63-9e07-8369dbeb9a0a
|i 72dd1ca6-1262-3041-b29c-697f96bfd2aa
|t 0
|
| 952 |
f |
f |
|a Texas A&M University
|b College Station
|c Electronic Resources
|d Available Online
|t 0
|e QL737.P64 H484 2001eb
|h Library of Congress classification
|
| 998 |
f |
f |
|a QL737.P64 H484 2001eb
|t 0
|l Available Online
|